|
|
|
|
| LEADER |
01136nam a2200301 a 4500 |
| 001 |
35868 |
| 003 |
BD-DhAAL |
| 005 |
20200120150045.0 |
| 008 |
200120t1999 nyuac 001 0 eng d |
| 999 |
|
|
|c 42172
|d 42172
|
| 010 |
|
|
|a 98030750
|
| 020 |
|
|
|a 0321015762
|
| 035 |
|
|
|a (DLC) 98030750
|
| 040 |
|
|
|a DLC
|c DLC
|d DLC
|d BD-DhAAL
|
| 050 |
0 |
0 |
|a PE1408
|b .A586 1999
|
| 082 |
0 |
0 |
|a 808.042
|2 21
|
| 100 |
1 |
|
|a Anderson, Marilyn,
|d 1946-
|9 39066
|
| 245 |
1 |
0 |
|a Keys to successful writing :
|b unlocking the writer within /
|c Marilyn Anderson.
|
| 260 |
|
|
|a New York :
|b Addison Wesley Longman,
|c c1999.
|
| 300 |
|
|
|a liv, 486 pages :
|b illustrations, ports. ;
|c 23 cm.
|
| 500 |
|
|
|a Includes index.
|
| 526 |
|
|
|a BIED
|
| 541 |
|
|
|a Complimentary copy from BIED
|e 35868
|
| 650 |
|
0 |
|a English language
|x Rhetoric.
|9 39067
|
| 650 |
|
0 |
|a Report writing.
|9 39068
|
| 852 |
|
|
|a Ayesha Abed Library
|c General Stacks
|
| 942 |
|
|
|2 ddc
|c BK
|
| 952 |
|
|
|0 0
|1 0
|2 ddc
|4 0
|6 808_042000000000000_AND
|7 0
|9 67751
|a BRACUL
|b BRACUL
|c GEN
|d 2020-01-20
|e Complimentary copy from BIED
|l 0
|o 808.042 AND
|p 3010035868
|r 2020-01-20
|t 1
|w 2020-01-20
|y BK
|x Transferred from BIED to General Stacks
|